000 00750cam a22001934a 4500
005 20250605164351.0
008 250528s ||||||||||||||||||||||||d
035 _a24103
040 _aGR-AtMCL
_bgre
_dGR-AtMCL
_eAACR2
245 1 _aHow Does a Yak Find a Drink?
260 _c2007
300 _a63
520 _aTraumatic Research, Coping in the Workplace, Sue Blackmore, Film and Literature and Cultural Competence Training, The Silver Screen and Printed Page and Cultural Competence, Alchemist or Zombie?, Traumatic Research: Interviewing Survivors of 9/11, Stress and Coping in the Workplace.
700 1 _aSutton Jon
_99351
942 _cCR
710 2 _aThe British Psychological Society
_99823
999 _c9002
_d9002